| 000 | 00524nam a22001457a 4500 | ||
|---|---|---|---|
| 003 | 0 | ||
| 005 | 20221001103610.0 | ||
| 008 | 221001b xxu||||| |||| 00| 0 eng d | ||
| 050 |
_aTK 5105.5828 _b.B73 2020 |
||
| 245 |
_aCloud-based point-of-sales system project plan for sachi vio car accessories in Las Pinas City _cAnjennete I. OLande-Bravo |
||
| 260 |
_aLas Pinas, Philippines _bSouthville International School and Colleges _cC2020 |
||
| 300 |
_axii, 110p _c28cm. _fTheses |
||
| 500 | _aCloud based system. | ||
| 942 |
_2lcc _cTH |
||
| 999 |
_c364812 _d364812 |
||